Statystyki dla Mistrzowie świata w kolarstwie od 2010 roku do 2022 roku (nazwiska)

Kliknij tutaj aby rozwiązać quiz!

Ogólne statystyki

  • Ten quiz został rozwiązany 88 razy
  • Średni wynik to 8 z 13

Statystyki odpowiedzi

HintOdpowiedź% Poprawnych
2014Kwiatkowski
96%
2016Sagan
87%
2017Sagan
87%
2015Sagan
87%
2021Alaphilippe
73%
2020Alaphilippe
73%
2022Evenepoel
71%
2018Valverde
62%
2019Pedersen
58%
2011Cavendish
45%
2013Costa
41%
2012Gilbert
41%
2010Hushovd
12%

Rozkład punktacji

Percentyl według liczby udzielonych odpowiedzi

Procent ludzi z każdym wynikiem

Twoja historia wyników

Nie rozwiązałeś tego quizu